000 00649nam a2200229 i 4500
003 DO-SdBNP
005 20250423140401.0
007 ta
008 240216s2000 dr a 000 j spa d
040 _aDO-SdBNP
_bspa
_cBNPHU
_erda
082 _bC669
_222
110 2 _aAsociación Médica Dominicana
_916565
245 1 0 _aCódigo forestal :
_bLey No. 188-99
264 1 _aSanto Domingo :
_bEdiciones Universo,
_c2000
300 _a71 páginas ;
_c22 cm.
336 _2rdacontent
_atexto
_btxt
337 _2rdamedia
_asin mediación
_bn
338 _2rdacarrier
_avolumen
_bnc
590 _aInventariado, 2024/DG
910 _aDG
942 _2ddc
_cLBS1
999 _c55958
_d55958